000 02119nam0a22004451 4500
001 RU\NLR\A1\29233
005 20251203152403.2
035 _a(NLR Aleph) 009681770
090 _a9704830
_c9704830
100 _a20010924d1796 u y0rusy50 ca
101 0 _arus
_ager
102 _aRU
200 1 _aОписание фейерверка, при торжестве бракосочетания их имп. высочеств государя великаго князя Константина Павловича и государыни великия княгини Анны Феодоровны,
_eПредставленнаго в Санктпетербурге, на Неве реке, февраля дня 1796 года
210 _a[СПб.
_d1796]
215 _a[3] с., 1 л. ил.
_d
303 _aЗагл. и текст парал. на рус. и нем. яз.
314 _aПод грав. подписи: Inventé par le lieut: gen: de Melissino, executé par le capitain du noble Corps des cadets d'artillerie C. de Maccaveyef. - Dessiné par l'architecte du Corps Dimerzof. - Gravé par J.C.Mayr
321 1 _aСК XVIII 4145
600 0 _aКонстантин Павлович
_cвел. кн.
_f1779-1831
600 0 _aАнна Федоровна
_cвел. кн.
_f1781-1860
620 _dСанкт-Петербург
700 1 _6z02790
_aМелиссино
_bП.И.
_f1730-1797
_gПетр Иванович
_4070
702 1 _aМаковеев
_bК.О.
_gКондратий Осипович
_4350
702 1 _6z03790
_aДемерцов
_bФ.И.
_f1753-1823
_gФедор Иванович
_4350
702 1 _6z01702
_aМайр
_bИ.К. фон
_f1764-1812
_gИоганн Кристоф фон
_4350
702 1 _6z01702
_aMayr
_bJ.C. von
_gJohann Christoph von
_4350
790 1 _6z02700
_aMelissino
790 1 _6z03790
_aDimerzof
801 0 _aRU
_bNLR
_c20010924
830 _aВопрос РГБ
899 _aРГБ
899 _aГТГ
899 _aМГУ
899 _aРГБ
899 _aГТГ
899 _aМГУ
942 _cBOOK
980 _aNB
980 _aA1XVIIIv